000 00552cam a22001695a 4500
001 J104689
008 000823s2000 xxk f 000 0 eng d
035 _a(Sirsi) u104689
050 _a333.33062 $2 18
110 2 _aRoyal Institution of Chartered Surveyors
_bProfessional Ethics Working Party
_95333
245 0 0 _aGuidance notes on professional ethics
260 _aLondon
_bRICS
_c2000
300 _a10p.
_c30cm.
651 4 _aUnited Kingdom
690 _aMANAGEMENT-BUSINESS MANAGEMENT-PROFESSIONAL PRACTICE-PROFESSIONAL ETHICS
942 _n0
_2ddc
999 _c100275
_d100275